| 000 | 00526nam a22001817a 4500 | ||
|---|---|---|---|
| 003 | CEME | ||
| 005 | 20210628205906.0 | ||
| 008 | 210208b xxu||||| |||| 00| 0 eng d | ||
| 020 | _a0-471-54772-7 | ||
| 040 | _c. | ||
| 082 | _a006.3 SOU | ||
| 100 |
_aSoucek, Branko _977408 |
||
| 245 | _aFuzzy holographic and parallel intelligence the sixth generation breakthrough | ||
| 260 |
_aNEWYORK _bMCGRAW HILL _c1992 |
||
| 300 | _a350P | ||
| 650 |
_aARTIFICIAL INTELLIGENCE ELECTRONIC DIGITAL COMPUTERS _977409 |
||
| 942 |
_cBK _2ddc |
||
| 999 |
_c582680 _d582680 |
||